[Event "Budapest SixDays 09 IM-A"]
[Site "Budapest"]
[Date "2023.09.20"]
[Round "5"]
[White "Pulpan, Jakub"]
[Black "Belunek, Vladimir"]
[Result "1-0"]
[WhiteElo "2399"]
[BlackElo "2179"]
[PlyCount "61"]
[EventDate "2023.09.18"]
[EventType "tourn"]
[EventRounds "9"]
[EventCountry "HUN"]
[SourceTitle "EXT 2024"]
[Source "ChessBase"]
[SourceDate "2023.10.10"]
[SourceVersion "1"]
[SourceVersionDate "2023.10.10"]
[SourceQuality "1"]

1. e4 c5 2. Nf3 d6 3. d4 cxd4 4. Nxd4 Nf6 5. Nc3 a6 6. h3 e5 7. Nde2 h6 8. g4 Be6 9. Bg2 Nbd7 10. Nd5 Bxd5 11. exd5 Rc8 12. Be3 Qc7 13. c3 g6 14. Qd2 Bg7 15. 0-0 Kf8 16. f4 exf4 17. Rxf4 Ne5 18. Raf1 Qe7 19. Bd4 Nfd7 20. Ng3 Kg8 21. Be4 Kh7 22. Rxf7 Nxf7 23. Bxg6+ Kg8 24. Bxf7+ Qxf7 25. Rxf7 Bxd4+ 26. Qxd4 Kxf7 27. Nf5 Rcg8 28. Qf4 Ke8 29. Nxd6+ Ke7 30. Nxb7 h5 31. Qd6+ 1-0

[Event "CZE-chT1E 2223"]
[Site "Czech Republic"]
[Date "2023.02.25"]
[Round "8.6"]
[White "Pilch, Roman"]
[Black "Belunek, Vladimir"]
[Result "1/2-1/2"]
[WhiteElo "2164"]
[BlackElo "2177"]
[PlyCount "67"]
[EventDate "2022.10.08"]
[EventType "team-tourn"]
[EventRounds "11"]
[EventCountry "CZE"]
[SourceTitle "CBM 213 Extra"]
[Source "ChessBase"]
[SourceDate "2023.05.31"]
[SourceVersion "1"]
[SourceVersionDate "2023.05.31"]
[SourceQuality "1"]
[WhiteTeam "Trinec"]
[BlackTeam "Ostrava"]
[WhiteTeamCountry "CZE"]
[BlackTeamCountry "CZE"]

1. Nf3 d5 2. c4 c6 3. d4 Nf6 4. Nc3 e6 5. e3 Nbd7 6. Bd3 dxc4 7. Bxc4 b5 8. Bd3 a6 9. e4 c5 10. e5 cxd4 11. Ne4 Nd5 12. a4 b4 13. Bg5 Qa5 14. 0-0 h6 15. Bd2 Bb7 16. Qe2 Nc5 17. Nxc5 Bxc5 18. Rfc1 Nc3 19. bxc3 dxc3 20. Be1 0-0 21. Bc4 Rfd8 22. Bb3 Bb6 23. Rab1 Qc5 24. Rd1 a5 25. h3 Bc7 26. Rxd8+ Rxd8 27. Qb5 Qxb5 28. axb5 Be4 29. Rc1 Bd3 30. Ba4 Rd5 31. Bxc3 bxc3 32. Rxc3 Bb6 33. Rc6 Bd4 34. b6 1/2-1/2

[Event "CZE-chT1E 2223"]
[Site "Czech Republic"]
[Date "2023.01.29"]
[Round "7.5"]
[White "Dobrovolsky, Ladislav"]
[Black "Belunek, Vladimir"]
[Result "1/2-1/2"]
[WhiteElo "2210"]
[BlackElo "2177"]
[PlyCount "31"]
[EventDate "2022.10.08"]
[EventType "team-tourn"]
[EventRounds "11"]
[EventCountry "CZE"]
[SourceTitle "CBM 213 Extra"]
[Source "ChessBase"]
[SourceDate "2023.05.31"]
[SourceVersion "1"]
[SourceVersionDate "2023.05.31"]
[SourceQuality "1"]
[WhiteTeam "Poruba Slavoj II"]
[BlackTeam "Ostrava"]
[WhiteTeamCountry "CZE"]
[BlackTeamCountry "CZE"]

1. e4 e5 2. Nf3 Nc6 3. Bb5 a6 4. Bxc6 dxc6 5. 0-0 f6 6. d4 exd4 7. Nxd4 c5 8. Nb3 Qxd1 9. Rxd1 Bg4 10. f3 Be6 11. Be3 b6 12. Nc3 Bd6 13. Nd5 0-0-0 14. Rd2 Ne7 15. Nxe7+ Bxe7 16. Rad1 1/2-1/2

[Event "CZE-chT2F 2223"]
[Site "Czech Republic"]
[Date "2022.12.04"]
[Round "4"]
[White "Belunek, Vladimir"]
[Black "Gibiec, Ernest"]
[Result "0-1"]
[WhiteElo "2183"]
[BlackElo "2104"]
[PlyCount "88"]
[EventDate "2022.10.16"]
[EventType "team-tourn"]
[EventRounds "11"]
[EventCountry "CZE"]
[SourceTitle "EXT 2024"]
[Source "ChessBase"]
[SourceDate "2023.10.10"]
[SourceVersion "1"]
[SourceVersionDate "2023.10.10"]
[SourceQuality "1"]
[WhiteTeam "Vsetin"]
[BlackTeam "Cesky Tesin Slavoj"]
[WhiteTeamCountry "CZE"]
[BlackTeamCountry "CZE"]

1. d4 d5 2. c4 c6 3. Nf3 Nf6 4. Nc3 dxc4 5. a4 Bf5 6. e3 e6 7. Bxc4 Bb4 8. 0-0 Nbd7 9. Qe2 0-0 10. e4 Bg6 11. Bd3 Bh5 12. e5 Nd5 13. Nxd5 cxd5 14. Qe3 Re8 15. Ng5 Bg6 16. Bxg6 fxg6 17. Qh3 Nf8 18. f4 Rc8 19. Qb3 Qb6 20. Be3 Rc4 21. Rf2 Be1 22. Qxb6 Bxf2+ 23. Bxf2 axb6 24. Nf3 Rec8 25. Be1 Rc1 26. Ra3 Rb1 27. b4 Rcc1 28. Kf2 Ra1 29. Rxa1 Rxa1 30. a5 Ra2+ 31. Bd2 Nd7 32. Ke3 Ra3+ 33. Ke2 h6 34. Ne1 bxa5 35. bxa5 Nb8 36. Nc2 Ra4 37. g4 Nc6 38. Bc3 Nxa5 39. f5 gxf5 40. gxf5 Kf7 41. fxe6+ Kxe6 42. Bxa5 Rxa5 43. Kd3 g5 44. h3 Ra2 0-1

[Event "CZE-chT2F 2122"]
[Site "Czech Republic"]
[Date "2022.04.03"]
[Round "11.2"]
[White "Jaworski, Miroslaw"]
[Black "Belunek, Vladimir"]
[Result "1/2-1/2"]
[WhiteElo "2165"]
[BlackElo "2225"]
[PlyCount "54"]
[EventDate "2021.10.17"]
[EventType "team-tourn"]
[EventRounds "11"]
[EventCountry "CZE"]
[SourceTitle "EXT 2024"]
[Source "ChessBase"]
[SourceDate "2023.10.10"]
[SourceVersion "1"]
[SourceVersionDate "2023.10.10"]
[SourceQuality "1"]
[WhiteTeam "Havirov Slovan"]
[BlackTeam "Litovel Tatran"]
[WhiteTeamCountry "CZE"]
[BlackTeamCountry "CZE"]

1. d4 Nf6 2. c4 e6 3. Nc3 d5 4. cxd5 exd5 5. Bg5 Be7 6. e3 0-0 7. Bd3 Nbd7 8. Nge2 b6 9. 0-0 Bb7 10. Qc2 c5 11. f3 h6 12. Bh4 a6 13. a4 Re8 14. Bf2 Nf8 15. Rad1 c4 16. Bf5 Bc8 17. h3 Be6 18. Bxe6 fxe6 19. e4 Qd7 20. e5 N6h7 21. f4 b5 22. axb5 axb5 23. Ng3 b4 24. Nce2 Qa4 25. Qd2 g6 26. f5 Bg5 27. Be3 gxf5 1/2-1/2

[Event "CZE-chT2F 2122"]
[Site "Czech Republic"]
[Date "2022.02.27"]
[Round "9.2"]
[White "Sikorova, Olga"]
[Black "Belunek, Vladimir"]
[Result "1-0"]
[WhiteElo "2167"]
[BlackElo "2225"]
[PlyCount "141"]
[EventDate "2021.10.17"]
[EventType "team-tourn"]
[EventRounds "11"]
[EventCountry "CZE"]
[SourceTitle "EXT 2024"]
[Source "ChessBase"]
[SourceDate "2023.10.10"]
[SourceVersion "1"]
[SourceVersionDate "2023.10.10"]
[SourceQuality "1"]
[WhiteTeam "Trinec II"]
[BlackTeam "Litovel Tatran"]
[WhiteTeamCountry "CZE"]
[BlackTeamCountry "CZE"]

1. c4 c6 2. Nf3 d5 3. b3 Bg4 4. Ne5 Bf5 5. Bb2 f6 6. Nf3 e5 7. g3 Bd6 8. Bg2 Ne7 9. d3 0-0 10. 0-0 a5 11. Nc3 d4 12. Ne4 Bxe4 13. dxe4 Qd7 14. Ne1 Na6 15. a3 b5 16. Qc2 Nc5 17. b4 axb4 18. axb4 Na4 19. c5 Bc7 20. Qb3+ Kh8 21. Nd3 g5 22. Rad1 Nxb2 23. Qxb2 Qe6 24. Ra1 Qg8 25. Rxa8 Rxa8 26. Ra1 Kg7 27. Rxa8 Qxa8 28. Bh3 Qa4 29. Be6 Ng6 30. Kg2 h5 31. Bb3 Qa8 32. Qa2 Qxa2 33. Bxa2 Kf8 34. Be6 Ke8 35. Nc1 Ne7 36. Nb3 Ng6 37. Kf1 Bd8 38. Ke1 Bc7 39. Kd2 Ne7 40. Kc2 Bd8 41. Kd3 Bc7 42. Bf5 Kd8 43. h3 Ke8 44. Be6 Bd8 45. e3 dxe3 46. Kxe3 Bc7 47. Nc1 Ng6 48. Bb3 h4 49. Bd1 hxg3 50. fxg3 Ne7 51. Bg4 Ng8 52. h4 gxh4 53. gxh4 Nh6 54. Be6 Bd8 55. Nb3 Ke7 56. Bc8 Ke8 57. h5 Bc7 58. Na5 Bxa5 59. bxa5 Kd8 60. Be6 Kc7 61. Kd3 Kb7 62. Kc3 Ka6 63. Kb4 Kb7 64. Bd7 Nf7 65. Be8 Nh6 66. a6+ Kxa6 67. Bxc6 f5 68. Bxb5+ Kb7 69. exf5 Nxf5 70. Bd3 Nh6 71. Kc4 1-0

[Event "CZE-chT1E 2122"]
[Site "Czech Republic"]
[Date "2022.02.19"]
[Round "8.4"]
[White "Belunek, Vladimir"]
[Black "Babula, Vlastimil1111"]
[Result "0-1"]
[WhiteElo "2217"]
[BlackElo "2176"]
[PlyCount "88"]
[EventDate "2021.10.09"]
[EventType "team-tourn"]
[EventRounds "11"]
[EventCountry "CZE"]
[SourceTitle "EXT 2023"]
[Source "ChessBase"]
[SourceDate "2022.10.05"]
[SourceVersion "1"]
[SourceVersionDate "2022.10.05"]
[SourceQuality "1"]
[WhiteTeam "Vsetin"]
[BlackTeam "Stare Mesto"]
[WhiteTeamCountry "CZE"]
[BlackTeamCountry "CZE"]

1. d4 Nf6 2. c4 g6 3. Nc3 Bg7 4. e4 d6 5. Be2 0-0 6. Nf3 e5 7. 0-0 Nc6 8. d5 Ne7 9. Nd2 c5 10. Rb1 Nd7 11. Nb5 Nb6 12. b4 cxb4 13. Rxb4 a6 14. Nc3 Nd7 15. Na4 b6 16. Nf3 a5 17. Rb2 Ba6 18. Be3 Nc8 19. Qb3 h6 20. Rfb1 f5 21. Qc2 Rb8 22. g3 Qc7 23. Nh4 f4 24. Bd2 Ne7 25. Bg4 Nc5 26. Nxb6 h5 27. Bh3 g5 28. Nf5 g4 29. Nxe7+ Qxe7 30. Bg2 h4 31. Bxa5 hxg3 32. fxg3 f3 33. Bf1 Qg5 34. Be1 Qe3+ 35. Bf2 Qxe4 36. Bxc5 Qxc2 37. Rxc2 dxc5 38. Bd3 Rf6 39. Rcb2 e4 40. Bxe4 Rh6 41. Rb3 Bd4+ 42. Kh1 Re8 43. Bd3 Rxh2+ 44. Kxh2 Kg7 0-1

[Event "CZE-chT1E 2122"]
[Site "Czech Republic"]
[Date "2022.01.22"]
[Round "6.4"]
[White "Vaculik, Jakub"]
[Black "Belunek, Vladimir"]
[Result "1/2-1/2"]
[WhiteElo "2175"]
[BlackElo "2217"]
[PlyCount "81"]
[EventDate "2021.10.09"]
[EventType "team-tourn"]
[EventRounds "11"]
[EventCountry "CZE"]
[SourceTitle "EXT 2023"]
[Source "ChessBase"]
[SourceDate "2022.10.05"]
[SourceVersion "1"]
[SourceVersionDate "2022.10.05"]
[SourceQuality "1"]
[WhiteTeam "Grygov Proclient"]
[BlackTeam "Vsetin"]
[WhiteTeamCountry "CZE"]
[BlackTeamCountry "CZE"]

1. a3 g6 2. c4 Bg7 3. Nc3 c5 4. g3 Nc6 5. Bg2 d6 6. d3 Nf6 7. e3 0-0 8. Nge2 e5 9. Rb1 a5 10. 0-0 Bd7 11. Bd2 Re8 12. Nb5 Be6 13. Nec3 Qd7 14. Qc2 Red8 15. Na4 Ra6 16. b3 Bh3 17. Bc3 Bxg2 18. Kxg2 Na7 19. Nxa7 Rxa7 20. Bb2 b5 21. Nc3 b4 22. Nb5 Qc6+ 23. e4 Raa8 24. Ra1 Ne8 25. Ra2 Nc7 26. Nxc7 Qxc7 27. Rfa1 Qb7 28. Bc1 h5 29. axb4 axb4 30. Ra4 Kh7 31. Qa2 Rxa4 32. Qxa4 Bh6 33. Bxh6 Kxh6 34. Qa7 Rd7 35. Qxb7 Rxb7 36. Ra6 Rd7 37. f4 f6 38. Kf3 g5 39. h3 Kg7 40. Ra8 Kh7 41. f5 1/2-1/2

[Event "CZE-chT2F 2122"]
[Site "Czech Republic"]
[Date "2021.12.19"]
[Round "5.3"]
[White "Belunek, Vladimir"]
[Black "Mrva, Marek"]
[Result "1-0"]
[WhiteElo "2225"]
[BlackElo "2102"]
[PlyCount "91"]
[EventDate "2021.10.17"]
[EventType "team-tourn"]
[EventRounds "11"]
[EventCountry "CZE"]
[SourceTitle "EXT 2024"]
[Source "ChessBase"]
[SourceDate "2023.10.10"]
[SourceVersion "1"]
[SourceVersionDate "2023.10.10"]
[SourceQuality "1"]
[WhiteTeam "Litovel Tatran"]
[BlackTeam "Ostrava"]
[WhiteTeamCountry "CZE"]
[BlackTeamCountry "CZE"]

1. Nf3 c5 2. c4 Nc6 3. g3 e5 4. Nc3 g6 5. Bg2 Bg7 6. 0-0 Nge7 7. Ne1 0-0 8. a3 d6 9. Nc2 Be6 10. Ne3 Qd7 11. Rb1 Bh3 12. b4 Bxg2 13. Kxg2 f5 14. b5 Nd4 15. Ned5 f4 16. f3 fxg3 17. hxg3 Nxd5 18. Nxd5 e4 19. d3 exf3+ 20. exf3 Rae8 21. Be3 Rf5 22. Qd2 Qf7 23. Bxd4 Bxd4 24. g4 Rfe5 25. Rbe1 Qe6 26. Re4 Rf8 27. Qe2 h5 28. Rxe5 dxe5 29. Qe4 hxg4 30. Qxg4 Rf5 31. Rh1 Kg7 32. Rh3 Qf7 33. Qh4 Rh5 34. Qe7 Rf5 35. Qd8 Rh5 36. Rxh5 gxh5 37. Qg5+ Qg6 38. Qxg6+ Kxg6 39. a4 Kf5 40. a5 Bb2 41. a6 bxa6 42. bxa6 Ba3 43. Ne7+ Kf4 44. Nc6 Bb4 45. Nxa7 Ba5 46. Nc8 1-0

[Event "Vinnytsia IM"]
[Site "Vinnytsia"]
[Date "2021.10.28"]
[Round "4"]
[White "Belunek, Vladimir"]
[Black "Anwesh, Upadhyaya"]
[Result "0-1"]
[WhiteElo "2217"]
[BlackElo "2358"]
[PlyCount "96"]
[EventDate "2021.10.26"]
[EventType "tourn"]
[EventRounds "9"]
[EventCountry "UKR"]
[EventCategory "3"]
[SourceTitle "CBM 204 Extra"]
[Source "ChessBase"]
[SourceDate "2021.11.30"]
[SourceVersion "1"]
[SourceVersionDate "2021.11.30"]
[SourceQuality "1"]

1. Nf3 d5 2. g3 c5 3. Bg2 g6 4. 0-0 Bg7 5. c4 d4 6. e3 Nc6 7. exd4 cxd4 8. d3 Nf6 9. a3 a5 10. Re1 Nd7 11. Nbd2 0-0 12. Rb1 a4 13. b4 axb3 14. Nxb3 h6 15. Nfd2 Nde5 16. Qe2 Bg4 17. Qf1 Ra7 18. f4 Nd7 19. h3 Be6 20. g4 Nb6 21. Nc5 Bc8 22. Nf3 Na4 23. Nxa4 Rxa4 24. Rb5 e6 25. Qe2 Ra5 26. Qb2 Rxb5 27. Qxb5 Qc7 28. Ne5 Nxe5 29. fxe5 b6 30. Bb2 Bd7 31. Qa6 Bxe5 32. Qb7 Qxb7 33. Bxb7 Bg7 34. Rb1 Rb8 35. Bf3 Ba4 36. Bc1 Bc2 37. Rb2 Bxd3 38. c5 b5 39. a4 Rc8 40. c6 bxa4 41. Rb7 Ba6 42. Rb6 Bc4 43. Rb7 d3 44. Ba3 Bd5 45. Kf2 Rxc6 46. Rb8+ Kh7 47. Ra8 d2 48. Ke2 Bc3 0-1

[Event "Vsetin op 45th"]
[Site "Vsetin"]
[Date "2020.07.09"]
[Round "8"]
[White "Redzisz, Michal"]
[Black "Belunek, Vladimir"]
[Result "1/2-1/2"]
[WhiteElo "1972"]
[BlackElo "2225"]
[PlyCount "86"]
[EventDate "2020.07.04"]
[EventType "swiss"]
[EventRounds "9"]
[EventCountry "CZE"]
[SourceTitle "CBM 197 Extra"]
[Source "ChessBase"]
[SourceDate "2020.09.30"]
[SourceVersion "1"]
[SourceVersionDate "2020.09.30"]
[SourceQuality "1"]

1. d4 d5 2. c4 c6 3. Nf3 Nf6 4. Nbd2 Bf5 5. Nh4 Bc8 6. g3 g6 7. Bg2 Bg7 8. 0-0 0-0 9. b3 a5 10. Bb2 Nbd7 11. Qc2 Re8 12. e4 dxe4 13. Nxe4 Nxe4 14. Qxe4 a4 15. Nf3 axb3 16. axb3 Rxa1 17. Rxa1 Qb6 18. Qe3 Nf6 19. Ra8 Ng4 20. Qd3 Rd8 21. h3 Bf5 22. Rxd8+ Qxd8 23. Qe2 Nf6 24. g4 Be4 25. g5 Bxf3 26. Bxf3 Ne8 27. d5 Bxb2 28. Qxb2 c5 29. Qe5 Qc7 30. Qxc7 Nxc7 31. Bg4 Ne8 32. Kg2 Nd6 33. Kf3 h6 34. h4 hxg5 35. hxg5 Kg7 36. Ke3 f6 37. f4 b6 38. Bh3 b5 39. cxb5 Nxb5 40. Kd3 Nd6 41. Bg4 Kf7 42. Be6+ Ke8 43. Bg8 Kf8 1/2-1/2

[Event "Vsetin op 45th"]
[Site "Vsetin"]
[Date "2020.07.08"]
[Round "6"]
[White "Mica, Marek"]
[Black "Belunek, Vladimir"]
[Result "1-0"]
[WhiteElo "2306"]
[BlackElo "2225"]
[PlyCount "61"]
[EventDate "2020.07.04"]
[EventType "swiss"]
[EventRounds "9"]
[EventCountry "CZE"]
[SourceTitle "CBM 197 Extra"]
[Source "ChessBase"]
[SourceDate "2020.09.30"]
[SourceVersion "1"]
[SourceVersionDate "2020.09.30"]
[SourceQuality "1"]

1. d4 Nf6 2. c4 e6 3. Nc3 Bb4 4. e3 0-0 5. Bd3 c5 6. Nge2 d6 7. 0-0 Nc6 8. Ne4 Nxe4 9. Bxe4 d5 10. cxd5 exd5 11. Bf3 c4 12. b3 b5 13. a3 Ba5 14. b4 Bb6 15. Nc3 Be6 16. Nxb5 a5 17. Bd2 axb4 18. Bxb4 Nxb4 19. axb4 Qd7 20. Nc3 Rfb8 21. Qd2 Bd8 22. Rxa8 Rxa8 23. Qb2 Rb8 24. Ra1 Qd6 25. b5 f5 26. Ra6 Bb6 27. g3 g5 28. Qa3 Qd8 29. Na4 Kf7 30. Nxb6 Rxb6 31. Qc5 1-0

[Event "Vsetin op 45th"]
[Site "Vsetin"]
[Date "2020.07.06"]
[Round "4"]
[White "Volak, Simon"]
[Black "Belunek, Vladimir"]
[Result "0-1"]
[WhiteElo "2027"]
[BlackElo "2225"]
[PlyCount "90"]
[EventDate "2020.07.04"]
[EventType "swiss"]
[EventRounds "9"]
[EventCountry "CZE"]
[SourceTitle "CBM 197 Extra"]
[Source "ChessBase"]
[SourceDate "2020.09.30"]
[SourceVersion "1"]
[SourceVersionDate "2020.09.30"]
[SourceQuality "1"]

1. e4 c5 2. Nf3 Nc6 3. c3 Nf6 4. e5 Nd5 5. Bc4 Nb6 6. Bb3 c4 7. Bc2 d5 8. exd6 e5 9. 0-0 Bxd6 10. d3 Bf5 11. dxc4 Bxc2 12. Qxc2 Nxc4 13. Nbd2 Nxd2 14. Bxd2 f6 15. Rad1 Qe7 16. Rfe1 0-0 17. Qb3+ Qf7 18. Qxf7+ Kxf7 19. Be3 Rfd8 20. Nd2 Be7 21. Nb3 b6 22. Kf1 f5 23. f3 h5 24. Ke2 Ke6 25. a3 g5 26. h3 f4 27. Bf2 Kf5 28. Rxd8 Rxd8 29. Rd1 Rxd1 30. Kxd1 e4 31. fxe4+ Kxe4 32. Ke2 b5 33. Nd2+ Kd5 34. Kd3 Ne5+ 35. Kc2 a6 36. Bd4 Nc4 37. Nf1 Ke4 38. b3 Nxa3+ 39. Kb2 Kd3 40. Nh2 Nc2 41. Nf3 Ne3 42. Ne5+ Ke4 43. Bxe3 fxe3 44. Nf3 g4 45. hxg4 hxg4 0-1

[Event "Vsetin op 45th"]
[Site "Vsetin"]
[Date "2020.07.05"]
[Round "2"]
[White "Matus, Filip"]
[Black "Belunek, Vladimir"]
[Result "0-1"]
[WhiteElo "1898"]
[BlackElo "2225"]
[PlyCount "92"]
[EventDate "2020.07.04"]
[EventType "swiss"]
[EventRounds "9"]
[EventCountry "CZE"]
[SourceTitle "CBM 197 Extra"]
[Source "ChessBase"]
[SourceDate "2020.09.30"]
[SourceVersion "1"]
[SourceVersionDate "2020.09.30"]
[SourceQuality "1"]

1. e4 c5 2. Nf3 Nc6 3. d4 cxd4 4. Nxd4 Nf6 5. Nc3 d6 6. Bc4 e6 7. 0-0 Be7 8. Kh1 0-0 9. Be3 a6 10. a4 Na5 11. Be2 Qc7 12. f4 b6 13. Qd3 Bb7 14. Rad1 Rac8 15. Rfe1 Rfd8 16. Bg1 Nc4 17. Qxc4 Qxc4 18. Bxc4 Rxc4 19. Rd3 Rdc8 20. Bf2 Nd7 21. Nb3 g6 22. h4 Rb4 23. Kg1 Nc5 24. Nxc5 bxc5 25. b3 Bc6 26. Rde3 c4 27. Ne2 Rb7 28. f5 cxb3 29. cxb3 Bd7 30. fxg6 hxg6 31. Rd3 Rc2 32. Nc1 Bc6 33. Rdd1 Rb4 34. e5 dxe5 35. Rxe5 Bd5 36. a5 Bf6 37. Ree1 Bc3 38. Re3 Bb2 39. Ree1 Rb5 40. Nd3 Bc3 41. Re3 Bxb3 42. Ne1 Bxe1 43. Rd8+ Kh7 44. Bxe1 Bd5 45. Rg3 Rb1 46. Kf1 Bc4+ 0-1

[Event "CZE-chT1E 1920"]
[Site "Czech Republic"]
[Date "2020.06.14"]
[Round "11.5"]
[White "Belunek, Vladimir"]
[Black "Lojek, Marek"]
[Result "1/2-1/2"]
[WhiteElo "2227"]
[BlackElo "2199"]
[PlyCount "62"]
[EventDate "2019.10.20"]
[EventType "team-tourn"]
[EventRounds "11"]
[EventCountry "CZE"]
[SourceTitle "EXT 2021"]
[Source "ChessBase"]
[SourceDate "2020.10.23"]
[SourceVersion "1"]
[SourceVersionDate "2020.10.23"]
[SourceQuality "1"]
[WhiteTeam "Vsetin"]
[BlackTeam "Orlova Slavia"]
[WhiteTeamCountry "CZE"]
[BlackTeamCountry "CZE"]

1. d4 Nf6 2. Nf3 c5 3. d5 e6 4. c4 b5 5. Bg5 bxc4 6. e4 Qa5+ 7. Qd2 Qxd2+ 8. Nfxd2 Be7 9. Nc3 Nxd5 10. Nxd5 exd5 11. Bxe7 Kxe7 12. exd5 d6 13. Nxc4 Na6 14. 0-0-0 Nc7 15. Bd3 g6 16. Rhe1+ Kd7 17. Ne3 h5 18. f4 f5 19. h3 h4 20. Nc2 Bb7 21. Bc4 Rhe8 22. b3 Re7 23. Rxe7+ Kxe7 24. b4 cxb4 25. Nxb4 a5 26. Nc2 Kf7 27. Rd4 Na6 28. Ne3 Kf6 29. Bd3 Rc8+ 30. Kd2 Nc5 31. Bc4 Ne4+ 1/2-1/2

[Event "CZE-chT1E 1920"]
[Site "Czech Republic"]
[Date "2020.01.19"]
[Round "6.3"]
[White "Belunek, Vladimir"]
[Black "Sikorova, Olga"]
[Result "1/2-1/2"]
[WhiteElo "2227"]
[BlackElo "2234"]
[PlyCount "58"]
[EventDate "2019.10.20"]
[EventType "team-tourn"]
[EventRounds "11"]
[EventCountry "CZE"]
[SourceTitle "CBM 194 Extra"]
[Source "ChessBase"]
[SourceDate "2020.03.31"]
[SourceVersion "1"]
[SourceVersionDate "2020.03.31"]
[SourceQuality "1"]
[WhiteTeam "Vsetin"]
[BlackTeam "Trinec"]
[WhiteTeamCountry "CZE"]
[BlackTeamCountry "CZE"]

1. d4 Nf6 2. c4 g6 3. Nc3 Bg7 4. e4 d6 5. Be2 0-0 6. Nf3 e5 7. 0-0 Nc6 8. d5 Ne7 9. Nd2 Nd7 10. b4 f5 11. Rb1 a5 12. a3 axb4 13. axb4 b6 14. Nb3 Nf6 15. f3 f4 16. c5 bxc5 17. bxc5 g5 18. Bd2 h5 19. Nb5 Ng6 20. Ba5 Ne8 21. cxd6 g4 22. fxg4 Qg5 23. Nxc7 hxg4 24. Bd2 Nxd6 25. Nc5 Qh4 26. N7e6 f3 27. Bxf3 gxf3 28. gxf3 Bxe6 29. Nxe6 Rfb8 1/2-1/2

[Event "CZE-chT2F 1920"]
[Site "Czech Republic"]
[Date "2020.01.12"]
[Round "6.1"]
[White "Mica, Marek"]
[Black "Belunek, Vladimir"]
[Result "1-0"]
[WhiteElo "2230"]
[BlackElo "2240"]
[PlyCount "39"]
[EventDate "2019.10.13"]
[EventType "team-tourn"]
[EventRounds "11"]
[EventCountry "CZE"]
[SourceTitle "EXT 2024"]
[Source "ChessBase"]
[SourceDate "2023.10.10"]
[SourceVersion "1"]
[SourceVersionDate "2023.10.10"]
[SourceQuality "1"]
[WhiteTeam "Frydek Mistek  III"]
[BlackTeam "Litovel Tatran"]
[WhiteTeamCountry "CZE"]
[BlackTeamCountry "CZE"]

1. d4 Nf6 2. Nf3 d5 3. c4 e6 4. Nc3 Be7 5. Bg5 h6 6. Bxf6 Bxf6 7. cxd5 exd5 8. e3 c6 9. Bd3 Nd7 10. Qc2 0-0 11. 0-0-0 b5 12. Rdg1 g6 13. h4 Bg7 14. g4 a5 15. Ne2 Ba6 16. g5 hxg5 17. Nxg5 c5 18. Bxg6 Rc8 19. Bxf7+ Rxf7 20. Qh7+ 1-0

[Event "CZE-chT2F 1920"]
[Site "Czech Republic"]
[Date "2019.12.15"]
[Round "5.2"]
[White "Sikorova, Olga"]
[Black "Belunek, Vladimir"]
[Result "1/2-1/2"]
[WhiteElo "2224"]
[BlackElo "2229"]
[PlyCount "185"]
[EventDate "2019.10.13"]
[EventType "team-tourn"]
[EventRounds "11"]
[EventCountry "CZE"]
[SourceTitle "EXT 2024"]
[Source "ChessBase"]
[SourceDate "2023.10.10"]
[SourceVersion "1"]
[SourceVersionDate "2023.10.10"]
[SourceQuality "1"]
[WhiteTeam "Trinec II"]
[BlackTeam "Litovel Tatran"]
[WhiteTeamCountry "CZE"]
[BlackTeamCountry "CZE"]

1. c4 g6 2. g3 Bg7 3. Bg2 c5 4. Nc3 Nc6 5. a3 Nh6 6. Rb1 a5 7. d3 Nf5 8. e3 d6 9. Nge2 Bd7 10. h4 h5 11. Nf4 Rb8 12. Bd2 b6 13. Qc2 Ne5 14. b4 axb4 15. axb4 0-0 16. b5 Bc8 17. Nce2 Bb7 18. e4 Nd4 19. Nxd4 cxd4 20. 0-0 Nd7 21. Ra1 Ra8 22. Bb4 Nc5 23. Ra3 Rxa3 24. Bxa3 Qc7 25. Bxc5 dxc5 26. Ra1 Ra8 27. Rxa8+ Bxa8 28. Qa4 Qb8 29. Nd5 Bxd5 30. cxd5 Be5 31. f4 Bc7 32. e5 Kg7 33. Qa2 f6 34. d6 exd6 35. exf6+ Kxf6 36. Qd5 Qe8 37. Be4 Qf7 38. Qg5+ Kg7 39. Kg2 Qf6 40. Qxf6+ Kxf6 41. Bd5 Bd8 42. Kf3 Kf5 43. Bb7 d5 44. Bxd5 c4 45. Bxc4 Be7 46. Bf7 Bb4 47. Kf2 Kf6 48. Be8 Kf5 49. Bd7+ Kf6 50. g4 hxg4 51. Bxg4 Bd6 52. Kf3 Bc5 53. Ke4 Kg7 54. Ke5 Kf7 55. Bf3 Ke7 56. Bd5 Bd6+ 57. Ke4 Bc5 58. Bb7 Ke6 59. Bc8+ Kf6 60. Bg4 Kf7 61. Bd1 Ke6 62. Bb3+ Kf6 63. Bd5 Ke7 64. Bb7 Ke6 65. Bc8+ Kf6 66. Kd5 Ke7 67. Ke5 Bd6+ 68. Ke4 Bc5 69. Bh3 Kf6 70. Kd5 Ke7 71. Bg2 Kf6 72. Be4 Kf7 73. Ke5 Kg7 74. Ke6 Bb4 75. Bg2 Ba3 76. Bc6 Bb4 77. Ke5 Bc5 78. Be8 Kh6 79. Ke6 Kg7 80. Bd7 Bb4 81. Be8 Ba3 82. Kd5 Bc5 83. Bd7 Kf6 84. Be6 Ke7 85. Bc8 Kf6 86. Bg4 Kf7 87. Ke5 Ke7 88. Bf3 Kf7 89. Bd5+ Kg7 90. Be6 Kh6 91. Bf7 Kg7 92. Be6 Bb4 93. Bc8 1/2-1/2

[Event "CZE-chT2F 1920"]
[Site "Czech Republic"]
[Date "2019.12.01"]
[Round "4.1"]
[White "Walter, Szymon"]
[Black "Belunek, Vladimir"]
[Result "0-1"]
[WhiteElo "2278"]
[BlackElo "2229"]
[PlyCount "73"]
[EventDate "2019.10.13"]
[EventType "team-tourn"]
[EventRounds "11"]
[EventCountry "CZE"]
[SourceTitle "EXT 2024"]
[Source "ChessBase"]
[SourceDate "2023.10.10"]
[SourceVersion "1"]
[SourceVersionDate "2023.10.10"]
[SourceQuality "1"]
[WhiteTeam "Poruba Slavoj III"]
[BlackTeam "Litovel Tatran"]
[WhiteTeamCountry "CZE"]
[BlackTeamCountry "CZE"]

1. e4 e5 2. Nf3 Nc6 3. Bb5 a6 4. Ba4 Nf6 5. 0-0 Be7 6. Re1 b5 7. Bb3 d6 8. c3 Na5 9. Bc2 c5 10. d4 Qc7 11. Nbd2 0-0 12. Nf1 cxd4 13. cxd4 Bg4 14. Ne3 Bxf3 15. Qxf3 Nc6 16. d5 Nd4 17. Qd1 Rfc8 18. Bd3 Qb7 19. Bd2 Bd8 20. Bc3 Bb6 21. Bxd4 Bxd4 22. Nf5 Bc5 23. Qf3 Ne8 24. h4 g6 25. Ne3 Bd4 26. Rab1 a5 27. g3 Rc7 28. Kg2 Qb6 29. h5 Bxe3 30. Rxe3 b4 31. a4 Rc5 32. Bb5 Qd8 33. Bc6 Rc8 34. Rh1 Qg5 35. hxg6 hxg6 36. Ree1 Nf6 37. Rh4 0-1